Estructuras algebraícas vi (formas cuadráticas) /
Guardado en:
| Autor Principal: | |
|---|---|
| Formato: | Libro |
| Publicado: |
Washington :
O.e.a.,
1981
|
| Materias: | |
| Etiquetas: |
Agregar Etiqueta
Sin Etiquetas, Sea el primero en etiquetar este registro!
|
| LEADER | 00872nam a22001815a 4500 | ||
|---|---|---|---|
| 001 | CEM.cems005071 | ||
| 008 | 130507s1981##################000#0#####d | ||
| 005 | 20240918090932.0 | ||
| 245 | 1 | 0 | |a Estructuras algebraícas vi (formas cuadráticas) / |
| 260 | |a Washington : |b O.e.a., |c 1981 | ||
| 300 | |a 98 p. | ||
| 505 | 0 | |a Genesis del algebra; Funciónes polinomicas. Ecuaciónes polinomicas; Polinomios en una indeterminada. Sistemas posiciónales de numeración; Factoreo. MCD y mcm de varios polinomios; Determinación de las raices enteras de una ecuación polinomica; Expresiones algebraicas fracciónarias; Problemas resueltos y propuestos | |
| 100 | 1 | |a Piscoya, Francisco M. | |
| 082 | 0 | 4 | |a 512 |
| 653 | |a Algebra | ||
| 653 | |a Matematica | ||
| 859 | |a CEMS |b BIB. CEMS - 11 de abril |h 512 |i P674 |p 10972.82 |t Ej.1 | ||
| 859 | |a CEMS |b BIB. CEMS - Agricultura |h 512 |i P674 |p A10972.82 |t Ej.1 |v VI |3 VI | ||
